000 01094nam a2200337 a 4500
001
003 DO-SdBNP
005 20210608123257.0
008 140325s2009 dr 000 0 spa d
020 _a9789945412307
040 _aBPMSU
_bspa
_cBPSMU
082 _a303.483
_bC112a 2009
_222
100 1 _aCaballero Harriet, Francisco Javier.
245 1 0 _aAlgunas claves para otra mundialización /
_cFrancisco Javier Caballero Harriet.
260 _aSanto Domingo :
_bFUNGLODE,
_c2009.
300 _a306 p. ;
_c24 cm.
490 0 _aDemocracia ;
500 _aIncluye datos biográficos del autor en la solapa de la cubierta
504 _aIncluye referencias bibliográficas y notas al pie de las páginas
504 _aBibliografía : p. 301-306
590 _aInventariado, 2021/VM
650 4 _aGlobalización
_xAspectos sociales.
650 4 _aRelaciones económicas.
650 4 _aRelaciones culturales
650 4 _aDemocracia
650 4 _aCambio social
710 _aFundación Global Democracía y Desarrollo
830 0 _aDemocracia ;
910 _aVMateo
942 _2ddc
_cBK
999 _c13566
_d13566